000 01746cam a22003854a 4500
999 _c501
_d501
001 14360202
003 ALUPE UNIVERSITY
005 20210614135644.0
008 060501s2006 dcu b 001 0 eng
010 _a 2006014156
020 _a1597261017 (cloth : alk. paper)
020 _a9781597261012
035 _a(OCoLC)ocm68373227
035 _a(OCoLC)68373227
040 _aDLC
_cDLC
_dBAKER
_dGK8
_dC#P
_dDLC
042 _apcc
043 _an-us---
_aaw-----
050 0 0 _aHD9502.A2
_b.T34 2006
082 0 0 _aHD9502.A2
_222
_b.T34 2006
100 1 _aTamminen, Terry.
245 1 0 _aLives per gallon :
_bthe true cost of our oil addiction /
_cTerry Tamminen.
260 _aWashington, D.C. :
_bIsland Press/Shearwater Books,
_cc2006.
300 _aix, 262 p. ;
_c24 cm.
504 _aIncludes bibliographical references (p. 215-251) and index.
505 0 _aThe breath of our fathers -- A losing proposition -- Desperate enterprise -- All that glitters -- Wealth rather seems to possess them -- Worse poison to men's souls -- Postcards from the year -- The quality of mercy -- Epilogue : the seventh generation.
650 0 _aEnergy consumption
_xEnvironmental aspects.
650 0 _aEnergy policy
_zUnited States.
650 0 _aPetroleum industry and trade.
651 0 _aMiddle East
_xHistory, Military.
856 4 1 _3Table of contents only
_uhttp://www.loc.gov/catdir/toc/ecip0613/2006014156.html
856 4 2 _3Publisher description
_uhttp://www.loc.gov/catdir/enhancements/fy0666/2006014156-d.html
906 _a7
_bcbc
_corignew
_d1
_eecip
_f20
_gy-gencatlg
942 _2lcc
_cBK
_nDO